00355nam a2200169Ia 4500008004100000041000800041100001200049245003300061250000800094260001200102300000900114500000900123520001200132520001000144650001200154999001900166230606s2007 xx 000 0 und d aeng aSudhesh aDevelopment of generic skill a1st bAc2007 a174p a2283 aGeneral aXerox aG.SKILL c421298d421298